Statistiques concernant Films d'animations mals décrits #3

Cliquez ici pour prendre le quiz!

Statistiques générales

  • Ce quiz a été pris 167 fois
  • Le résultat moyen est 9 sur 16

Statistiques - réponses

DescriptionsFilms% Correct
C'est l'histoire d'une pauvre femme qui vit un rêve le temps d'une nuit à l'aide de deux souris, d'une citrouille et de vieux habits usésCendrillon
92%
C'est l'histoire d'une fille qui ne veut pas se marier à des loosers mais préfère galoper dans les forets avec son cheval et son arcRebelle
91%
C'est l'histoire d'un héros intergalactique, d'un cow-boy et de leur groupe qui essaient d'échapper à un sale gosse fan de tortureToy story
90%
C'est l'histoire de trois tic tac jaunes qui veulent trouver le plus grand méchant de l'univers pour le servirLes minions
88%
C'est l'histoire d'un voleur qui trouve un vieu bibelot et qui, grace à ce bibelot, devient riche et célébre et fini avec une belle princesseAladdin
83%
C'est l'histoire d'un scoot et dun grand-père cherchant l'oiseau le plus rare de la Terre mais qui se feront manipuler par un grand père qui contrôle des chiens parlantsLà-haut
83%
C'est l'histoire d'une fille vivant mal son déménagement et qui a des voix masculines et féminines dans sa têteVice-versa
83%
C'est l'histoire d'une souris qui aime la musique classique et qui essaie de faire de la magieFantasia
63%
C'est l'histoire d'un groupe d'animaux qui se sont trouvés une nouvelle passion, les arts du cirqueMadagascar 3
53%
C'est l'histoire d'un homme bleu à la grosse tête qui tente désespérément de faire croire à tout le monde que c'est un super-héros jusqu'à en devenir unMegamind
50%
C'est l'histoire de deux filles qui déménagent dans une nouvelle maison et qui découvrent des êtres merveilleux tels qu'un gros lapin ou encore un chat busMon voisin totoro
40%
C'est l'histoire d'un gamin qui, pour impressioner sa crush, essaie de replanter une fôret et fera la connaissance d'une petite boule de poils jauneLe lorax
36%
C'est l'histoire d'un scientifique qui, aprés avoir fait n'importe quoi avec sa machine dans le précédent opus, doit s'aventurer dans une îles où la faune et la flore est composée à 99% de nourritureTempête de boulettes géantes 2
29%
C'est l'histoire d'une souris qui fini par tomber dans les toilettes et qui découvre tout un monde souterrain dans le fin fond des canalisationsSouris city
24%
C'est l'histoire d'un groupe de petites choses colorées qui vont découvrir la culture musicales des autres contrées de leur mondeLes Trolls 2
19%
C'est l'histoire d'aliens qui regroupent tout les humains de la terre dans un seul et même club med pour pouvoir y habiterEn route
9%

Distribution des résultats

Percentile par nombre de réponses

% des personnes avec chaque résultat

Votre développement - résultats

Vous n’avez pas pris ce quiz